000 00596pab a2200205 454500
008 180718b2010 xxu||||| |||| 00| 0 eng d
100 _aJoshi, P.C.
245 _aA qualitative account of the impact of disaster: The case of flooding in Bahraich, Uttar Pradesh
260 _c2010
300 _ap.479-492.
362 _aJul-Dec
650 _aDisasters - India - Uttar Pradesh
650 _aFloods - India - Uttar Pradesh
650 _aFloods
700 _aSrivastava, Vinay Kumar
700 _aGuha-Sapir, Debarati
773 _aEastern Anthropologist
908 _aN
909 _a91395
999 _c91395
_d91395